Neuroanatomía (Registro nro. 2647)
[ vista simple ]
| 000 -CABECERA | |
|---|---|
| campo de control de longitud fija | 00637nam a2200253Ia 4500 |
| 003 - IDENTIFICADOR DEL NÚMERO DE CONTROL | |
| campo de control | AR-RoIUNI |
| 005 - FECHA Y HORA DE LA ÚLTIMA TRANSACCIÓN | |
| campo de control | 20241122062646.0 |
| 008 - DATOS DE LONGITUD FIJA--INFORMACIÓN GENERAL | |
| campo de control de longitud fija | 150630s9999 xx 000 0 und d |
| 040 ## - FUENTE DE LA CATALOGACIÓN | |
| Centro/agencia modificador | OCLC |
| Centro/agencia transcriptor | AR-RoIUNI |
| 080 ## - NÚMERO DE LA CLASIFICACIÓN DECIMAL UNIVERSAL | |
| Número de la Clasificación Decimal Universal | 616.8 GON |
| 100 1# - ENTRADA PRINCIPAL--NOMBRE DE PERSONA | |
| Nombre de persona | González García, C. |
| 245 1# - MENCIÓN DE TÍTULO | |
| Título | Neuroanatomía |
| 245 ## - MENCIÓN DE TÍTULO | |
| Mención de responsabilidad, etc. | González García, C.,Grandi, Martín.- |
| 260 ## - PUBLICACIÓN, DISTRIBUCIÓN, ETC. (PIE DE IMPRENTA) | |
| Lugar de publicación, distribución, etc. | Rosario.- |
| 260 ## - PUBLICACIÓN, DISTRIBUCIÓN, ETC. (PIE DE IMPRENTA) | |
| Nombre del editor, distribuidor, etc. | Servicio de Publicaciones de la UNR.- |
| 260 ## - PUBLICACIÓN, DISTRIBUCIÓN, ETC. (PIE DE IMPRENTA) | |
| Fecha de publicación, distribución, etc. | [198?] |
| 300 ## - DESCRIPCIÓN FÍSICA | |
| Extensión | 235p.- |
| 300 ## - DESCRIPCIÓN FÍSICA | |
| Dimensiones | 26,5cm.- |
| 500 ## - NOTA GENERAL | |
| Nota general | Bibliografía, |
| 650 10 - PUNTO DE ACCESO ADICIONAL DE MATERIA--TÉRMINO DE MATERIA | |
| Término de materia o nombre geográfico como elemento inicial | Anatomía |
| 9 (RLIN) | 115 |
| 650 10 - PUNTO DE ACCESO ADICIONAL DE MATERIA--TÉRMINO DE MATERIA | |
| Término de materia o nombre geográfico como elemento inicial | Medicina |
| 9 (RLIN) | 58 |
| 700 1# - PUNTO DE ACCESO ADICIONAL--NOMBRE DE PERSONA | |
| Nombre de persona | Grandi, Martín |
| 942 ## - ELEMENTOS DE PUNTO DE ACCESO ADICIONAL (KOHA) | |
| Tipo de ítem Koha | Libros |
| Fuente del sistema de clasificación o colocación | Clasificación Decimal Universal |
| Suprimir en OPAC | 1 |
| Estado de retiro | Estado de pérdida | Fuente del sistema de clasificación o colocación | Estado dañado | Excepción de préstamo | Código de colección | Localización permanente | Ubicación/localización actual | Ubicación en estantería | Fecha de adquisición | Fuente de adquisición | Número de inventario | Total de préstamos | Renovaciones totales | Signatura topográfica completa | Código de barras | Fecha visto por última vez | Fecha del último préstamo | Precio válido a partir de | Tipo de ítem Koha | En préstamo | Nota pública |
|---|---|---|---|---|---|---|---|---|---|---|---|---|---|---|---|---|---|---|---|---|---|
| Clasificación Decimal Universal | Medicina | BIBLIOTECA CENTRAL | BIBLIOTECA CENTRAL | BIBLIOTECA CENTRAL | 30/06/2015 | Compra | 2648 | 13 | 25 | 616.8 GON | 2648c | 09/09/2024 | 26/08/2024 | 30/06/2015 | Libros | ||||||
| Clasificación Decimal Universal | Medicina | BIBLIOTECA CENTRAL | BIBLIOTECA CENTRAL | BIBLIOTECA CENTRAL | 18/09/2018 | Compra | 4192 | 8 | 4 | 616.8 GON | 4192c | 09/08/2023 | 09/08/2023 | 18/09/2018 | Libros | 11/08/2023 | |||||
| Clasificación Decimal Universal | Medicina | BIBLIOTECA CENTRAL | BIBLIOTECA CENTRAL | BIBLIOTECA CENTRAL | 17/05/2019 | 5544 | 1 | 616.8 GON | 5544c | 20/08/2019 | 20/08/2019 | 17/05/2019 | Libros | Anillado - Fotocopia | |||||||
| Clasificación Decimal Universal | Medicina | BIBLIOTECA CENTRAL | BIBLIOTECA CENTRAL | BIBLIOTECA CENTRAL | 03/04/2023 | Donación | 7441 | 5 | 5 | 616.8 GON | 7441 | 04/09/2024 | 22/08/2024 | 03/04/2023 | Libros |

